| 000 | 00739nam a2200181 i 4500 | ||
|---|---|---|---|
| 001 | 53879 | ||
| 003 | ES-MaACL | ||
| 005 | 20230906162840.0 | ||
| 007 | t| | ||
| 008 | 031117s1887 cu ||||1| spa d | ||
| 110 | 2 |
_aCentro Asturiano de La Habana. _92568 |
|
| 245 | 1 | 0 |
_aMemoria que presenta la Junta Directiva a la General de socios el dia 24 de julio de 1887, dando cuenta de su gestión en el año / _cCentro Asturiano de la Habana [por Vicente Fernández Plaza]. |
| 260 |
_aHabana : _b[s.n.], _c1887 ( _fImp. de Soler, Alvarez y Compañía) |
||
| 300 |
_a127 p., [5] h. pleg. ; _c23 cm. |
||
| 610 | 2 | 4 |
_aCentro Asturiano de la Habana- _vMemorias. _9165180 |
| 700 | 1 |
_aFernández Plaza, Vicente. _950003 |
|
| 852 |
_aES-MaACL _jT-460-F-10 |
||
| 999 |
_c53879 _d53879 |
||